00658nam a2200181 i 450000100060000000300090000600500170001500700030003200800410003510000270007624501150010326000380021830000220025670000270027885200320030599900170033795201220035466022ES-MaACL20230906165527.0t|040126s1966 sp ||||1| spa d1 aFurtado, Celso.95305710aBrasil en la encrucijada histórica / cCelso Furtado ; traducido del original portugués por Oriol Durán. aBarcelona : bNova Terra, c1966. a139 p. ; c17 cm.1 aDurán, Oriol.946200 aES-MaACLjC-29521 bR.59536 c66022d66022 00104070aATENEOMbATENEOMcDEPO2d2008-01-17eSCl0oC-29521p1069165r2023-02-23 00:00:00w2023-02-23yMONOGRAFIA